logo

Bir Sreshtho Munshi Abdur Rouf Library
Jhenaidah Cadet College

The principles of teaching / (Record no. 624)

MARC details
000 -LEADER
fixed length control field 00661nam a22002412 4500
001 - CONTROL NUMBER
JCCL Control Number 624
003 - CONTROL NUMBER IDENTIFIER
JCCL marc code BD-JhCC
005 - DATE AND TIME OF LATEST TRANSACTION
control field 20171007214957.0
008 - FIXED-LENGTH DATA ELEMENTS--GENERAL INFORMATION
fixed length control field 790627s1944 ii b 001 0 eng d
035 ## - SYSTEM CONTROL NUMBER
system control number (BD-JhCC)624
040 ## - CATALOGING SOURCE
Original cataloging agency YGM
Transcribing agency YGM
Modifying agency EQO
-- BD-JhCC
041 ## - LANGUAGE CODE
Language code of Book eng
082 ## - DEWEY DECIMAL CLASSIFICATION NUMBER
Classification number 371.3
Author mark and Year RYB 1944
090 ## - LOCALLY ASSIGNED LC-TYPE CALL NUMBER (OCLC); LOCAL CALL NUMBER (OCLC)
Classification number (OCLC) (R) ; Classification number, CALL (RLIN) (NR) LB1025
Local cutter number (OCLC) ; Book number/undivided call number, CALL (RLIN) .R9
100 1# - MAIN ENTRY--PERSONAL NAME
Personal name Ryburn, W. M.
Fuller form of name (William Morton)
245 14 - TITLE STATEMENT
Title The principles of teaching /
Statement of responsibility, etc by W. M. Ryburn.
260 ## - PUBLICATION, DISTRIBUTION, ETC. (IMPRINT)
Place of publication, distribution, etc Bombay :
Name of publisher, distributor, etc G. Cumberledge,
Date of publication, distribution, etc 1944.
300 ## - PHYSICAL DESCRIPTION
Pagination 237 p. ;
Dimensions 19 cm.
504 ## - BIBLIOGRAPHY, ETC. NOTE
Bibliography, etc Includes bibliographical footnotes and index.
650 #0 - SUBJECT ADDED ENTRY--TOPICAL TERM
Topical term or geographic name as entry element Teaching.
942 ## - ADDED ENTRY ELEMENTS (KOHA)
Source of classification or shelving scheme Dewey Decimal Classification
Koha item type Books
Holdings
Source of classification or shelving scheme Damaged status Not for loan Home library Current library Shelving location Date of accession Source of acquisition Total Checkouts Full call number Barcode Date last seen Copy number Koha item type
Dewey Decimal Classification     JCC Rouf Library JCC Rouf Library General Stacks 10/07/2017 Purchase   371.3 RYB 1944 1178 10/07/2017 C-1 Books

JCC Library | Contacts | JCC Home

Last Update on 23 September 2017
Copyright @ 2017-2020 JCC Rouf Library
Rouf Library, Jhenidah Cadet College (JCC), Bangladesh